| 000 | 01002cam a2200277 a 4500 | ||
|---|---|---|---|
| 001 | 000012358 | ||
| 005 | 20240604194808.0 | ||
| 008 | 910122s1968 ve b 001 0 spa | ||
| 035 | _a(DLC) 68120145 | ||
| 035 | _a(OCoLC)22997797 | ||
| 040 |
_aDO-SdBNP _bspa _cKU _dKU _dBNPHU |
||
| 082 |
_a370.1 _bS941d, 1968 |
||
| 100 | 1 |
_aSubero, Efraín, _d1931-2007. _ecomp. _929034 |
|
| 245 | 1 | 0 |
_aDel ideario pedagógico venezolano / _cEfraín Subero. |
| 260 |
_aCaracas (Venezuela) : _bMinisterio de Educación ; _bDirección Técnica ; _bDepartamento de Publicaciones, _c1968. |
||
| 300 |
_a289 p. ; _c21 cm. |
||
| 490 | 1 |
_aVigilia _v10 |
|
| 500 | _a"Homenaje ... a los maestros condecorados con la 'Orden 27 de Junio.' el 15 de enero de 1967." | ||
| 504 | _aBibliografía: p. 121-125. | ||
| 650 | 0 |
_aCiencias sociales _91065 |
|
| 650 | 0 |
_aEducación _xFilosofía _93186 |
|
| 650 | 4 |
_aEducación _zVenezuela. _93666 |
|
| 830 | 0 |
_aVigilia ; _v10. _916675 |
|
| 910 | _aCatalogación derivada | ||
| 049 | _aBNGR | ||
| 999 |
_c12015 _d12015 |
||